| 000 | 00750nam a22001937a 4500 | ||
|---|---|---|---|
| 003 | NUST-PNEC | ||
| 005 | 20170116180716.0 | ||
| 008 | 141018b xxu||||| |||| 00| 0 eng d | ||
| 020 | _a0070404437 | ||
| 040 | _cPNEC | ||
| 082 | _a621.3815 MAR | ||
| 100 |
_9685 _aMarkus John |
||
| 245 |
_aSourcebook of electronic circuits. _cJohn Markus |
||
| 260 |
_aNew York, _bMcGraw-Hill _cc.1968 |
||
| 300 |
_avii, 888 pages _bchiefly illustrations _c28 cm |
||
| 500 | _ahttp://www.amazon.com/Sourcebook-Electronic-Circuits-John-Markus/dp/0070404437/ref=sr_1_1?s=books&ie=UTF8&qid=1413627432&sr=1-1&keywords=0070404437 https://www.worldcat.org/title/sourcebook-of-electronic-circuits/oclc/373461&referer=brief_results | ||
| 650 | _xEL | ||
| 942 |
_2ddc _cBK |
||
| 999 |
_c61149 _d61149 |
||